| 000 | 00491nam a2200181Ia 4500 | ||
|---|---|---|---|
| 005 | 20250508160841.0 | ||
| 008 | 008 250505s9999 xx 000 0 hin d | ||
| 037 | _aTextual | ||
| 040 |
_aFEDL _beng _cFEDL |
||
| 041 |
_ahin _2hin |
||
| 084 |
_aFH, MIT _qFEDL |
||
| 100 |
_aMishra Usha Devi _9769541 |
||
| 245 | 0 | _aPiya: Samajik upanyas | |
| 260 |
_aDelhi, India _bNational Publishing House _c1962 |
||
| 300 | _a255p | ||
| 942 |
_cTEXL _hFH, MIT |
||
| 999 |
_c1366982 _d1366982 |
||